| 000 | 01095cam a2200253 4500 | ||
|---|---|---|---|
| 008 | 031110n2003 000 0 eng u | ||
| 020 | _a1874797617 | ||
| 035 | _a(Sirsi) u124268 | ||
| 041 | _aeng | ||
| 050 |
_a332.6324 _c18 |
||
| 100 | _aRhodes, David | ||
| 245 | _aPrivate landlords and buy to let | ||
| 260 |
_aYork _bCentre for Housing Policy University of York _c2003 |
||
| 300 |
_avi, 62p. _c30cm. |
||
| 350 | _a10 | ||
| 520 | _aThis research report discusses the principle of buy-to-let with a general aim of considering its future prospects. More specifically it aims to gain an understanding of landlords' motivation for investing in buy-to-let and explores their attitudes towards being a landlord, using methods such as contextual interviews with buy-to-let stakeholders, letting agents and buy-to-let investors. Also includes analysis of buy-to-let lenders' data on mortgage advances. | ||
| 650 | _aBUY-TO-LET | ||
| 650 | _aPRIVATE LANDLORDS | ||
| 650 | _aPROPERTY INVESTMENT | ||
| 650 | _aMORTGAGES | ||
| 690 | _aINVESTMENT | ||
| 700 | _aBevan, Mark | ||
| 942 | _n0 | ||
| 999 |
_c103190 _d103190 |
||